| 000 | 01089aam a2200301 a 4500 | ||
|---|---|---|---|
| 003 | AR-RoUNCS | ||
| 005 | 20251217151848.0 | ||
| 008 | 130919s1993 ag c gr 001 p spa | ||
| 015 | _aAR-1993 | ||
| 020 | _a950-852-009-4 | ||
| 040 |
_aAR-BaBN _bspa _cAR-RoUNCS _eaacr |
||
| 044 |
_aag _car-c |
||
| 080 | 0 |
_a82(728.5)-1 _22016 |
|
| 100 | 1 |
_aDarío, Rubén, _d1867-1916 _eautor _4aut |
|
| 245 | 1 | 0 |
_aAntologia / _cRubén Darío ; prólogo de Octavio Paz ; edición de Carmen Ruiz Barrionuevo. |
| 250 | _a1a ed. | ||
| 260 |
_aBuenos Aires : _bEspasa-Calpe, _c1993. |
||
| 300 |
_a236 p. : _bretr. ; _c17 cm. |
||
| 490 | 0 | _aColección Austral. Biblioteca de Literatura Hispanoamericana / director Ricardo Iberlucía | |
| 504 | _aIncluye notas: p. [203]- 233. | ||
| 504 | _aBibliografía: p. [234]-235. | ||
| 600 | 1 | 4 |
_aDarío, Rubén, _d1867-1916 _xCrítica e interpretación |
| 650 | 4 | _aLiteratura nicaragüense | |
| 655 | 4 | _aPoesía | |
| 700 | 1 |
_aPaz, Octavio, _d1914-1998 _tEl caracol y la sirena _eprologuista _4aui |
|
| 700 | 1 |
_aRuiz Barrionuevo, Carmen _eedit. |
|
| 942 |
_2udc _cLPD _n0 |
||
| 999 |
_c858 _d858 |
||